000 01442nam a22002897a 4500
003 OSt
005 20210119115221.0
008 210119s1998 sp ao||gr|||| 00| 0bspa d
020 _a8408024760
040 _aCO-JMCR
_cCO-JMCR
041 1 _aspa
_heng
082 0 4 _223
_a973.9220922 /
_bH572l
100 1 _aHersh, Seymour H.,
_eautor
_912865
245 1 3 _aLa cara oculta de J.F. Kennedy /
_cSeymour M. Hersh ; traducción de Luis Murillo y Jaime Zulaika
250 _aPrimera edición
260 _aBarcelona (España) :
_bPlaneta,
_c1998
300 _a526 páginas :
_bfotografías a blanco y negro ;
_c23 cm.
490 0 _aDocumentos
500 _aDatos biográficos del autor en solapa frontal.
505 _a22 de Noviembre -- Jack -- Honey Fitz -- Joe -- El embajador -- Enfrentamiento con Roosevelt -- Se vende nominación -- Candidatura en peligro -- Lyndon -- Elecciones amañadas -- Secreto de campaña -- Trampa para Nixon -- Acción ejecutiva -- Bahía de cochinos -- Servicio secreto -- Crisis en Berlín Objetivo: Castro -- Judith -- Primer matrimonio -- La crisis de los misiles -- Engaños -- Ellen -- Vietnam -- Últimos días
650 2 4 _aPresidentes
_zEstados Unidos
_912866
650 2 4 _aFamilia Kennedy
_zEstados Unidos
_912867
650 2 4 _aClan de los Kennedy
_zEstados Unidos
_912868
700 1 _aMurillo, Luis,
_etraductor
_912869
700 1 _aZulaika, Jaime,
_etraductor
_912870
942 _2ddc
_cBK
999 _c7063
_d7063